| 000 | 01441cab a2200457 4500 | ||
|---|---|---|---|
| 001 | ABS54494 | ||
| 008 | 090401t1996 xxu||||| |||| 00| 0 eng d | ||
| 035 | _a(Sirsi) u10795 | ||
| 041 | _aeng | ||
| 245 | _aIndustrial review | ||
| 260 | _c1996 | ||
| 300 | _aLOAN | ||
| 350 | _a0 | ||
| 490 |
_aEstates Times _vReview 23 February 1996 |
||
| 520 | _aReview of the industrial property market, with articles covering the effect of the revival in the motor industry on demand for industrial space; distribution warehouses; liability of polluters under the Environment Act; rail-linked distribution sites; the benefits of secondhand property; and regional issues and trends. | ||
| 650 | _aA14 | ||
| 650 | _aCONTAMINATED LAND | ||
| 650 | _aDESIGN AND BUILD | ||
| 650 | _aDISTRIBUTION MARKET | ||
| 650 | _aEAST MIDLANDS | ||
| 650 | _aENVIRONMENT ACT 1995 | ||
| 650 | _aFREIGHT TERMINALS | ||
| 650 | _aINDUSTRIAL MARKET | ||
| 650 | _aINDUSTRIAL PROPERTY | ||
| 650 | _aINDUSTRIAL SPACE | ||
| 650 | _aINWARD INVESTMENT | ||
| 650 | _aKENT | ||
| 650 | _aMANUFACTURING SECTOR | ||
| 650 | _aMOTOR INDUSTRY | ||
| 650 | _aNORTH EAST | ||
| 650 | _aNORTHWEST ENGLAND | ||
| 650 | _aPOLLUTER PAYS PRINCIPLE | ||
| 650 | _aSCOTLAND | ||
| 650 | _aSOUTH EAST | ||
| 650 | _aSOUTH WEST | ||
| 650 | _aWAREHOUSES | ||
| 650 | _aWEST MIDLANDS | ||
| 690 | _aPROPERTY-COMMERCIAL PROPERTY | ||
| 942 | _n0 | ||
| 948 | _c04/03/1997 | ||
| 999 |
_c6867 _d6867 |
||